000 00314nam a22001337a 4500
008 211018b ||||| |||| 00| 0 eng d
041 _aeng
080 _215th
_a330
082 _a330
100 _a52
101 _aEKO
245 _aEconomics Principles, Problems, and Policies
_cConnell,C.R,M
942 _2udc
_cBK
999 _c58241
_d58241